| 000 | 00917nam a22002537a 4500 | ||
|---|---|---|---|
| 005 | 20230208083855.0 | ||
| 008 | 230208b |||||||| |||| 00| 0 eng d | ||
| 020 | _a978-971-07-3565-5 | ||
| 082 | _aFil. 790 H791 2016 | ||
| 100 |
_aMangubat, Anamaria S. _eauthor |
||
| 245 |
_aHope: _bhealth-optimizing physical education: recreational activities / _cAnamaria S. Mangubat, Marivic B. Tolitol, Stella Marie M. Urbiztondo, Lordinio A. Vergara |
||
| 260 |
_aQuezon City: _bVibal, _cc2016. |
||
| 300 |
_avii, 232p.; _bcol. ill. |
||
| 490 | _aHealth-Optimizing Physical Education (HOPE) | ||
| 504 | _aIncludes bibliographies and index | ||
| 541 | _e5436 | ||
| 650 | _aRecreation | ||
| 650 | _aPhysical education | ||
| 650 | _aPhysical fitness | ||
| 650 | _aNutrition | ||
| 700 |
_aTolitol, Marivic B. _eauthor |
||
| 700 |
_aUrbiztondo, Stella Marie M. _eauthor |
||
| 700 |
_aVergara, Lordinio A. _eauthor |
||
| 999 |
_c986 _d986 |
||